Exploring architecture : buildings, meaning and making (Record no. 7821)

000 -LEADER
fixed length control field 00382nam a22001457a 4500
003 - CONTROL NUMBER IDENTIFIER
control field OSt
005 - DATE AND TIME OF LATEST TRANSACTION
control field 20200522141704.0
008 - FIXED-LENGTH DATA ELEMENTS--GENERAL INFORMATION
fixed length control field 200522b ||||| |||| 00| 0 eng d
020 ## - INTERNATIONAL STANDARD BOOK NUMBER
International Standard Book Number 9781851774357
082 ## - DEWEY DECIMAL CLASSIFICATION NUMBER
Classification number 720GAW
110 ## - MAIN ENTRY--CORPORATE NAME
Corporate name or jurisdiction name as entry element Gawne, Eleanor; Snodin, Michael
245 ## - TITLE STATEMENT
Title Exploring architecture : buildings, meaning and making
260 ## - PUBLICATION, DISTRIBUTION, ETC. (IMPRINT)
Name of publisher, distributor, etc V & A Publications
942 ## - ADDED ENTRY ELEMENTS (KOHA)
Source of classification or shelving scheme
Holdings
Withdrawn status Lost status Source of classification or shelving scheme Damaged status Koha normalized classification for sorting Not for loan Permanent location Current location Date acquired Full call number Barcode Date last seen Price effective from Koha item type Source of acquisition Cost, normal purchase price Cost, replacement price
        720GAW   BMS College of Architecture, Design and Planning BMS College of Architecture, Design and Planning 2020-05-22 720GAW AR-RD59 2020-05-22 2020-05-22 R&D Books      
        720GAW   BMS College of Architecture, Design and Planning BMS College of Architecture, Design and Planning 2022-03-30 720GAW AR-UG2669 2022-03-30 2022-03-30 UG Books 6 1948.47 2783.53
Copyright © 2025, The Librarian, Library and Information Centre, BMSCA D&P, Bengaluru. All Rights Reserved
web counter

Powered by Koha